01453nam a2200265 a 450000100100000000500170001000800410002702000180006804000250008608200200011110000460013124500950017726000580027230000170033050000800034750000340042765000680046165000740052995201230060395201080072695201140083495201080094895201140105699900170117000004374720240402134029.0140422s2009 dr 000 0 spa d a9789993444718 aDO-SdBNPbspacBNPHU a347.7293bV648f1 aPotentini Adames, Trajano Vidal‏97357710aFormularios de los procedimientos Civil y Comercial Dominicano /cTrajano Vidal Potentini. aMoca, República Dominicana :bEditora Dalis,c2009. av. ;c24 cm. aLa biblioteca posee la sexta reimpresión de la primera edición del 1998 aLa biblioteca posee el v. 1-2 4aProcedimiento civilzRepública DominicanaxFormularios971575 4aLos tribunales de comerciozReública DominicanaxFormularios971576 001054708PDaGRbGRcHDd2014-05-06iLF1l0ov. 2, e. 3p43747-80r2020-06-25w2020-06-25yLFPDZPréstamo en sala 0010718PDaPDbPDcHDd2014-04-22iLF1l0ov. 1p43747-20r2020-06-25w2020-06-25yLFPDZNo se presta 0010718PDaPDbPDcHDd2014-04-22iLF1l0ov. 1, e. 2p43747-30r2020-06-25w2020-06-25yLFPDZNo se presta 0010718PDaPDbPDcHDd2014-05-06iLF1l0ov. 2p43747-60r2020-06-25w2020-06-25yLFPDZNo se presta 0010718PDaPDbPDcHDd2014-05-06iLF1l0ov. 2, e. 2p43747-70r2020-06-25w2020-06-25yLFPDZNo se presta c43236d43236